| 000 | 00457nam a2200157 i 4500 | ||
|---|---|---|---|
| 001 | 135506 | ||
| 003 | ES-MaACL | ||
| 005 | 20230906194909.0 | ||
| 007 | t| | ||
| 008 | 070719s1969 sp ||||1| spa d | ||
| 100 | 1 |
_aTorrente Fortuño, José Antonio. _9110853 |
|
| 245 | 1 | 0 |
_aSalamanca, bolsista romántico / _cJosé Antonio Torrente Fortuño. |
| 260 |
_aMadrid : _bTaurus, _c1969. |
||
| 300 |
_a252 p. ; _c24 cm. |
||
| 852 |
_aES-MaACL _jC-37089 _bR.69739 |
||
| 999 |
_c135506 _d135506 |
||